Education, Development and Underdevelopment (Record no. 3109)

MARC details
005 - DATE AND TIME OF LATEST TRANSACTION
control field 20250603141223.0
020 ## - INTERNATIONAL STANDARD BOOK NUMBER
International Standard Book Number 0-7619-9222-7
082 ## - DEWEY DECIMAL CLASSIFICATION NUMBER
Classification number TEA LECT 306.430 SHU
245 ## - TITLE STATEMENT
Title Education, Development and Underdevelopment
260 ## - PUBLICATION, DISTRIBUTION, ETC.
Place of publication, distribution, etc. New Delhi,
Name of publisher, distributor, etc. Sage Publications,
Date of publication, distribution, etc. 1998.
300 ## - PHYSICAL DESCRIPTION
Extent 308p.: Ill.;figures & table.
Other physical details Index
Dimensions 22cm.
700 ## - ADDED ENTRY--PERSONAL NAME
Other authors/Editors SHUKLA, S.& KAUL, R.
942 ## - ADDED ENTRY ELEMENTS (KOHA)
Source of classification or shelving scheme Dewey Decimal Classification
Koha item type Books
Holdings
Date last seen Total checkouts Full call number Barcode Cost, replacement price Price effective from Koha item type Lost status Source of classification or shelving scheme Damaged status Not for loan Withdrawn status Home library Current library Shelving location Date acquired Cost, normal purchase price
06/03/2025   TEA LECT 306.430 SHU 00000010744 494130.00 06/03/2025 Books   Dewey Decimal Classification       College of Business Education Main Library College of Business Education Main Library General Collection 04/22/2005 164710.00
06/03/2025   TEA LECT 306.430 SHU 00000010745 494130.00 06/03/2025 Books   Dewey Decimal Classification       College of Business Education Main Library College of Business Education Main Library General Collection 04/22/2005 164710.00
06/03/2025   TEA LECT 306.430 SHU 00000010746 494130.00 06/03/2025 Books   Dewey Decimal Classification       College of Business Education Main Library College of Business Education Main Library General Collection 04/22/2005 164710.00